000 00784nam a2200253Ia 4500
003 OSt
005 20220926020807.0
006 a|||||r|||| 00| 0
007 ta
008 220923b |||||||| |||| 00| 0 eng d
020 _a9783642344671
_c11810.85
037 _b11231, 12/08/2013, Elite Publisher Distributors
_cGeneral Book
040 _aRTL
_cRTL
_beng
041 _2eng
_aeng
082 _aX:72:(B), Q3
100 _aWELFE Wladyslaw
_9325139
245 0 _aMacroeconometric models
260 _aNew York
_bSpringer
_c2013
300 _axxvii, 425p
_ccm.
500 _aBibliography: Chpterwise
650 _aEconomics
942 _hX:72:(B), Q3
_cGB
_2CC
999 _c635026
_d635026